Základné práva príspevkových organizácií

Práva príspevkových organizácií sú vymedzené v par. 24 a 26 zákona č. 523/2004 Z. z. o rozpočtových pravidlách verejnej správy v z. n. p. Príspevková organizácia má: oprávnenie vykonávať technické zhodnotenie prenajatého majetku alebo majetku vo výpožičke, oprávnenie platiť členské príspevky, oprávn...

Ausführliche Beschreibung

Gespeichert in:
Bibliographische Detailangaben
1. Verfasser: Veverková, Ingrid
Format: Buchkapitel
Sprache:Slowakisch
Schlagworte:
Tags: Tag hinzufügen
Keine Tags, Fügen Sie das erste Tag hinzu!

MARC

LEADER 00000naa a2200000 4500
001 0142200
005 20231204100846.7
041 0 |a slo 
044 |a SK 
245 1 0 |a Základné práva príspevkových organizácií  |c Ingrid Veverková 
520 |a Práva príspevkových organizácií sú vymedzené v par. 24 a 26 zákona č. 523/2004 Z. z. o rozpočtových pravidlách verejnej správy v z. n. p. Príspevková organizácia má: oprávnenie vykonávať technické zhodnotenie prenajatého majetku alebo majetku vo výpožičke, oprávnenie platiť členské príspevky, oprávnenie realizovať finančný prenájom. 
610 2 0 |a organizácie príspevkové 
610 2 0 |a pravidlá rozpočtové 
610 2 0 |a správa verejná 
610 2 0 |a zákony 
610 2 0 |a Slovensko 
100 1 |a Veverková, Ingrid